The Banksters (Record no. 350189)

000 -LEADER
fixed length control field 00459nam a22001937a 4500
003 - CONTROL NUMBER IDENTIFIER
control field OSt
005 - DATE AND TIME OF LATEST TRANSACTION
control field 20180116183009.0
008 - FIXED-LENGTH DATA ELEMENTS--GENERAL INFORMATION
fixed length control field 150831b xxu||||| |||| 00| 0 eng d
020 ## - INTERNATIONAL STANDARD BOOK NUMBER
International Standard Book Number 0523009984
040 ## - CATALOGING SOURCE
Transcribing agency 0
082 ## - DEWEY DECIMAL CLASSIFICATION NUMBER
Classification number 813.54 MOO 1977
100 ## - MAIN ENTRY--PERSONAL NAME
Personal name Robin Moore
245 ## - TITLE STATEMENT
Title The Banksters
Statement of responsibility, etc. Robin Moore
260 ## - PUBLICATION, DISTRIBUTION, ETC.
Place of publication, distribution, etc. New York
Name of publisher, distributor, etc. Pinnacle Books
Date of publication, distribution, etc. 1977
300 ## - PHYSICAL DESCRIPTION
Extent 279 p.
Other physical details PB
440 ## - SERIES STATEMENT/ADDED ENTRY--TITLE
Title The Banksters
600 ## - SUBJECT ADDED ENTRY--PERSONAL NAME
Personal name Robin Moore
942 ## - ADDED ENTRY ELEMENTS (KOHA)
Source of classification or shelving scheme
Koha item type Book
Holdings
Withdrawn status Lost status Source of classification or shelving scheme Damaged status Not for loan Collection code Permanent Location Current Location Shelving location Date acquired Total Checkouts Full call number Barcode Date last seen Price effective from Koha item type
            Central Library (CL) Central Library (CL) Fiction 08/31/2015   813.54 MOO 1977 NBSD-2098 09/01/2016 08/31/2015 Book
© 2023 Central Library, National University of Sciences and Technology. All Rights Reserved.